Intravenous techniques in Dentistry (Record no. 326)

MARC details
000 -LEADER
fixed length control field 00542nam a2200145 a 4500
008 - FIXED-LENGTH DATA ELEMENTS--GENERAL INFORMATION
fixed length control field 121116s1967 ||||||||||||||||| || u
050 ## - LIBRARY OF CONGRESS CALL NUMBER
Classification number RK 510 Kur
100 ## - MAIN ENTRY--PERSONAL NAME
Personal name Kurland, Philip
245 10 - TITLE STATEMENT
Title Intravenous techniques in Dentistry
Statement of responsibility, etc. by Philip, Kurland
260 ## - PUBLICATION, DISTRIBUTION, ETC.
Place of publication, distribution, etc. London:
Name of publisher, distributor, etc. Henry Kimpton
Date of publication, distribution, etc. 1967
300 ## - PHYSICAL DESCRIPTION
Extent 119p.: ill.
650 ## - SUBJECT ADDED ENTRY--TOPICAL TERM
Topical term or geographic name entry element ANESTHESIA, DENTAL
650 ## - SUBJECT ADDED ENTRY--TOPICAL TERM
Topical term or geographic name entry element ANASTHESIA IN DENTISTRY
995 ## -
-- SPECIAL COLLECTIONS
-- 500316
-- CBU-DAG HAMMARSKJOLD INSTITUTE LIBRARY
-- DAG RK 510 Kur
-- 1
-- AVAILABLE
-- Dec 17, 2012
-- 500316
-- DHIPS Book Collection
999 ## -
-- 326
-- 326
Holdings
Withdrawn status Lost status Source of classification or shelving scheme Damaged status Not for loan Permanent Location Current Location Shelving location Date acquired Total Checkouts Full call number Barcode Date last seen Price effective from Koha item type
          CBU-DAG HAMMARSKJOLD INSTITUTE CBU-DAG HAMMARSKJOLD INSTITUTE   11/28/2022   RK 510 Kur 500316 11/28/2022 11/28/2022 MONOGRAPH